<?xml version="1.0" encoding="UTF-8"?>
<collection xmlns="http://www.loc.gov/MARC21/slim">
 <record>
  <leader>00386nam  2200133#c 4500</leader>
  <controlfield tag="001">LC-11178</controlfield>
  <controlfield tag="003">UMA</controlfield>
  <controlfield tag="005">20230415    212512</controlfield>
  <controlfield tag="008">230415suuuu####   ##########||||#0#spa#d</controlfield>
  <datafield tag="336" ind1=" " ind2=" ">
   <subfield code="a">texto</subfield>
  </datafield>
  <datafield tag="337" ind1=" " ind2=" ">
   <subfield code="a">no mediado</subfield>
  </datafield>
  <datafield tag="338" ind1=" " ind2=" ">
   <subfield code="a">volumen</subfield>
  </datafield>
  <datafield tag="245" ind1=" " ind2=" ">
   <subfield code="a">Reglas de competición 2012-2013: en vigor a partir del 1 de noviembre de 2011</subfield>
  </datafield>
  <datafield tag="100" ind1=" " ind2=" ">
   <subfield code="a">Asociación Internacional de Federaciones de Atletismo</subfield>
  </datafield>
 </record>
</collection>
